Statistiques concernant Mots de la langue française terminés par "rue"

Cliquez ici pour prendre le quiz!

Statistiques générales

  • Ce quiz a été pris 84 fois
  • Le résultat moyen est 10 sur 25

Statistiques - réponses

IndiceMot% Correct
oiseau - chantiergrue
89%
débordementcrue
84%
poissonmorue
81%
plantaireverrue
70%
labourcharrue
67%
accentuéeaccrue
63%
publiéeparue
60%
néeapparue
58%
bedonnanteventrue
58%
baissedécrue
52%
évanouiedisparue
45%
épriseférue
40%
lueparcourue
36%
recherchéecourue
34%
nouveaurecrue
34%
abondantedrue
33%
aidéesecourue
33%
acariâtrebourrue
33%
déplacéeincongrue
26%
venueaccourue
16%
grossièremalotrue
12%
il boucheobstrue
11%
risquéeencourue
4%
modestecongrue
4%
appeléerecourue
0%

Distribution des résultats

Percentile par nombre de réponses

% des personnes avec chaque résultat

Votre développement - résultats

Vous n’avez pas pris ce quiz